000 00290nam a22001337a 4500
008 171102b xxu||||| |||| 00| 0 eng d
020 _a9780671884222
041 _aeng
080 _a33
100 _a59
101 _aEKO
245 _aECONOMICS EXPLAINED
_cHEILBRONER R
942 _2udc
_cBK
999 _c37189
_d37189